| 000 | 00794nmm a22002417a 4500 | ||
|---|---|---|---|
| 006 | g q || | ||
| 999 |
_c92924 _d92924 |
||
| 003 | NALT | ||
| 005 | 20210825102539.0 | ||
| 007 | co cgaaaaaaaaa | ||
| 008 | 170705b xxu||||| |||| 00| 0 eng d | ||
| 040 | _aNALT | ||
| 090 | _aCD 2743 | ||
| 110 | 2 |
_aตลาดหลักทรัพย์แห่งประเทศไทย _96985 |
|
| 245 | 1 | 0 | _aAnnual report 2016 Stock Exchange of Thailand [electronic resource] / |
| 260 | 3 |
_aBangkok : _bThe Exchange of Thailand, _cn.d. |
|
| 300 |
_a1 CD-ROM : _bSd., Col.; _c4 3/4 in. |
||
| 610 | 2 | 4 |
_917333 _aThe Stock Exchange of Thailand _xAnnual report _y2016. |
| 850 | _aNALT | ||
| 942 |
_cCD _2local |
||
| 998 |
_abijaya _j104 _k สายฝน ดีงาม |
||
| 998 | _aM | ||